Nothing to fix : (Record no. 100159)
[ view plain ]
| 000 -LEADER | |
|---|---|
| fixed length control field | 02840nam a22002657a 4500 |
| 005 - DATE AND TIME OF LATEST TRANSACTION | |
| control field | 20160602144627.0 |
| 010 ## - LCCN (DPL NO) | |
| LC control number | ENG-115188 |
| 020 ## - INTERNATIONAL STANDARD BOOK NUMBER | |
| International Standard Book Number | 9789351508908 |
| Terms of availability | 995.00 |
| 035 ## - SYSTEM CONTROL NUMBER | |
| System control number | EN-98720 |
| 037 ## - SOURCE OF ACQUISITION | |
| Source of stock number/acquisition | DBAD/PUB |
| 082 00 - DEWEY DECIMAL CLASSIFICATION NUMBER | |
| Classification number | 155.33 |
| Edition number | 23 |
| 245 00 - TITLE STATEMENT | |
| Title | Nothing to fix : |
| Remainder of title | medicalisation of sexual orientation and gender identity / |
| Statement of responsibility, etc | edited by Arvind Narrain [and] Vinay Chandran |
| 260 ## - PUBLICATION, DISTRIBUTION, ETC. (IMPRINT) | |
| Place of publication, distribution, etc | New Delhi |
| Name of publisher, distributor, etc | SAGE Publications |
| Date of publication, distribution, etc | 2016 |
| 270 ## - ADDRESS | |
| Address | B1/I-1 Mohan Cooperative Industrial Area, Mathura Road |
| City | New Delhi |
| Postal code | 110044 |
| 300 ## - PHYSICAL DESCRIPTION | |
| Extent | xxvi,337p. |
| Dimensions | 23cm(Hb) |
| 500 ## - GENERAL NOTE | |
| General note | Includes bibliographical references. |
| 505 0# - FORMATTED CONTENTS NOTE | |
| Formatted contents note | It's not my job to tell you it's okay to be gay : medicalisation of homosexuality : a qeer critique / Arvind Narrain and Vinay Chandran -- Medical students : attitudes, knowledge, and perception of homosexuality in India / Bharath Reddy -- Medical response to male same-sex sexuality in western India : an exploration of conversion treatments for homosexuality / Ketki Ranade -- Mental health professionals : perspectives on lesbian women / Bina Fernandez -- Sex change operation and feminising procedures for transgender women in India : current scenario and way forward / Venkatesan Chakrapani -- Pendulous penises and couture clitorises : what medical men do to intersex infants / Mayur Suresh -- A comparative study of homosexual and heterosexual men with respect to quality of life, substance use, and suicidality / Bharath Reddy -- Validity of "ego-dystonicity" in homosexuality : an Indian perspective / Ami Sebastian Maroky, Shekhar Seshadri, Suresh Bada Math, C.R. Chandrashekar, Aswin Ratheesh, Biju Viswanath -- Why should therapists be sensitive to sexual and gender nonconformity? / Radhika Chandiramani -- A psychologist's journey to understanding sexual orientation / Lata Hemchand -- Transgender and transsexual issues : clinical dilemmas and best-practice guidelines in mental health care / Vidya Sathyanarayanan and Poornima Bhola -- Contexts of distress for LGBT people : a counsellor's guide / Vinay Chandran -- Coming out to parents and friends : need and perspectives from parents of LGBT / Vinay Chandran -- Religion and sexual orientation : reconciling faith with same-sex love / Vinay Chandran and Arvind Narrain -- Section 377 and the medical establishment : changing the terms of the debate / Arvind Narrain -- Human rights violations against the transgender community : a study of Kothi and Hijra sex workers in Bangalore, India / PUCL-K -- Pushing the bundaries of transgender and intersex persons' rights : further resources. |
| 650 12 - SUBJECT ADDED ENTRY--TOPICAL TERM | |
| Topical term or geographic name as entry element | Sexual Behavior |
| General subdivision | Psychology |
| 650 22 - SUBJECT ADDED ENTRY--TOPICAL TERM | |
| Topical term or geographic name as entry element | Attitude of Health Personnel |
| 650 22 - SUBJECT ADDED ENTRY--TOPICAL TERM | |
| Topical term or geographic name as entry element | Gender Identity |
| 650 22 - SUBJECT ADDED ENTRY--TOPICAL TERM | |
| Topical term or geographic name as entry element | Prejudice |
| 700 1# - ADDED ENTRY--PERSONAL NAME | |
| Personal name | Narrain, Arvind |
| 700 1# - ADDED ENTRY--PERSONAL NAME | |
| Personal name | Chandran, Vinay |
| 942 ## - ADDED ENTRY ELEMENTS (KOHA) | |
| Source of classification or shelving scheme | Dewey Decimal Classification |
| Item type | English Books |
| Classification part | 155.33 |
| Call number suffix | NOT |
| Withdrawn status | Lost status | Not for loan | Collection code | Home library | Current library | Date acquired | Source of acquisition | Cost, normal purchase price | Full call number | Barcode | Copy number | Cost, replacement price | Koha item type |
|---|---|---|---|---|---|---|---|---|---|---|---|---|---|
| Not For Loan | Non-fiction | D.B.Act.Division | Bawana | 02/06/2016 | DBAD/PUB | 995.00 | 155.33 NOT | EN-98720 | 1 | 995.00 | English Books |
